1369 1521 1104 1373 1248 1131 1936 1946 1404 1805 1742 1250 1542 1547 1489 1847 1065 1291 1906 1061 1535 1998 1160 1713 1280 1444 1204 1197 1684 1711 1155 1030 1925 1391 1987 1983 1646 1993 1924 1371 1222 1227 1509 1173 1168 1365 1441 1545 1717 1195 1387 1226 1158 1840 1924 1286 1025 1573 1937 1727 1631 1429 1487 1437 1909 1909 1810 1329 1352 1049 1379 1422 1849 1939 1742 1891 1757 1443 1292 1448 1512 1497 1490 1289 1995 1118 1674 1778 1536 1308 1382 1649 1518 1382 1972 1011 1186 1805 1334 BCNSPRNW ULIB Ver.6.0+V

เปลี่ยนเป็นภาษาไทย

Change to English
 แสดงรายละเอียดบรรณานุกรม
  กลับหน้าหลัก

Brief Record : Get Marc (ISO 2709) : E-mail record : QR code < ปิดหน้าต่าง
LEADER : 00000nam 2200000uu 4500
001    13399128465
003     ULIB
008    020711s2022 th a 000 0 eng d
020    ^a9781119807926
060    ^aWY100^bC585M
100    ^aClaire Boyd
245    ^aMedicine Management Skills for Nurses (Student Survival Skills)
250    ^a2nd ed
260    ^aHoboken, NJ :^bWiley-Blackwell,^c2022
300    ^a319 pages;^c21 cm
650    ^aClinical pharmacology
945    ^p940^l0^i010209
999    ^aประนอม เกษจรัล
รายการนี้ยังไม่มีแท็ก
คุณยังไม่ได้ล็อกอิน คุณสามารถมีกิจกรรมร่วมกับเว็บไซต์ได้ แต่ต้องล็อกอินก่อน ::
  ล็อกอิน

รายการสื่อสารสนเทศ

ลำดับที่ ประเภท เลขเรียก/บาร์โค้ด สถานที่ สถานะ
1. Book การพยาบาล
หนังสือสำรอง
สถานะ=หนังสือสำรอง
WY100 C585M ฉ.1 
  Barcode: 010209
ห้องสมุดวิทยาเขตสวรรค์ประชารักษ์
►หนังสือทั่วไป
บนชั้น

BibComment


ยังไม่เคยถูกคอมเมนท์

คอมเมนท์ทรัพยากรรายการนี้
  คอมเมนท์: Medicine Managem..


 Copyright 2026. Bcnsprnw @Library